| 000 | 00997nam a2200217Ia 4500 | ||
|---|---|---|---|
| 003 | Ost | ||
| 005 | 20260507075638.0 | ||
| 008 | 260507s9999||||xx |||||||||||||| ||und|| | ||
| 040 | _cfsecg | ||
| 041 | _aara | ||
| 082 | _a382.92 | ||
| 100 |
_aالشرقاوي، عبد الحكيم مصطفى _eمؤلف |
||
| 245 | 0 |
_aالجات.. الهدف والغاية : _bرؤية من منظور تاريخ العالم الإقتصادي / _c عبد الحكيم مصطفى الشرقاوي |
|
| 260 |
_aالإسكندرية: _bدار الفكر الجامعي, _c2003 |
||
| 300 |
_a92 صفحة؛ _bإيضاحات ؛ _c23 سم |
||
| 520 | _aالتجارة الخارجية بين التقييد والإطلاق- مستقبل صناعة الدواء المصرية في ظل الجات | ||
| 653 | _aالاتفاقية العامة للتجارة والتعرفة الجمركية (1947) | ||
| 653 | _aالإقتصاد الدولي | ||
| 653 | _aالتجارة الخارجية | ||
| 942 | _cكتاب | ||
| 999 |
_c45334 _d45334 |
||